Logo BPK

Biblioteka

Politechniki Koszalińskiej

Zagadnienia i kierunki filozofii : (Rekord nr 55283)

Szczegóły MARC
000 -ETYKIETA REKORDU
podpole kontrolne o stałej długości 00957nam a2200313 i 4500
001 - NUMER KONTROLNY REKORDU
pole kontrolne bg
020 ## - MIĘDZYNARODOWY ZNORMALIZOWANY NUMER KSIĄŻKI - ISBN
ISBN 8389372029
020 ## - MIĘDZYNARODOWY ZNORMALIZOWANY NUMER KSIĄŻKI - ISBN
ISBN 8388524275
040 ## - ŹRÓDŁO KATALOGOWANIA
Instytucja, która utworzyła rekord BPK
041 0# - KOD JĘZYKA
Kod języka tekstu pol
044 ## - KOD KRAJU WYDAWCY/PRODUCENTA
Kod kraju wydawcy/producenta POL
080 ## - UNIWERSALNA KLASYFIKACJA DZIESIĘTNA - UKD
UKD 165+111
920 ## - Międzynarodowy znormalizowany numer książki – ISBN
ISBN 83-89372-02-9
920 ## - Międzynarodowy znormalizowany numer książki – ISBN
ISBN 83-88524-27-5
008 - POLE O STAŁEJ DŁUGOŚCI - DANE KONTROLNE
podpole kontrolne o stałej długości s pl f |000 0 pol
100 1# - NAZWA OSOBOWA
Nazwa osobowa Ajdukiewicz, Kazimierz
Daty związane z nazwą (1890-1963).
245 10 - TYTUŁ/ODPOWIEDZIALNOŚĆ
Tytuł Zagadnienia i kierunki filozofii :
Ciąg dalszy tytułu teoria poznania, metafizyka /
Pozostałe elementy strefy tytułu i oznaczenia odpowiedzialności Kazimierz Ajdukiewicz ; wstęp Jan Woleński.
250 ## - STREFA WYDANIA
Oznaczenie wydania Wyd. 4 popr.
260 ## - STREFA ADRESU WYDAWNICZEGO
Miejsce wydania Kęty :
Nazwa wydawcy/dystrybutora Wydawnictwo Antyk ;
Miejsce wydania Warszawa :
Nazwa wydawcy/dystrybutora Fundacja Aletheia,
Data publikacji, dystrybucji/powstania dokumentu 2004.
300 ## - STREFA OPISU FIZYCZNEGO
Objętość 150, [1] s. ;
Rozmiary 22 cm.
490 1# - STREFA SERII I DOKUMENTU WIELOCZĘŚCIOWEGO - FORMA NIE DO WYSZUKIWANIA
Tytuł i oznaczenie odpowiedzialności serii Daimonion
500 ## - UWAGI OGÓLNE
Tekst uwagi Podstawa wyd. "Czytelnik" 1983
650 #9 - HASŁO PRZEDMIOTOWE W FORMIE NAZWY OGÓLNEJ LUB JEDNOSTKOWEJ
Nazwa ogólna lub geograficzna Teoria poznania
650 #9 - HASŁO PRZEDMIOTOWE W FORMIE NAZWY OGÓLNEJ LUB JEDNOSTKOWEJ
Nazwa ogólna lub geograficzna Metafizyka
700 1# - HASŁO DODATKOWE - NAZWA OSOBOWA
Nazwa osobowa Woleński, Jan
Daty związane z nazwą (1940- ).
Określenie związku między hasłem a opisywanym materiałem Przedm.
830 ## - HASŁO DODATKOWE SERII LUB DOKUMENTU WIELOCZĘŚCIOWEGO - TYTUŁ UJEDNOLICONY
Tytuł ujednolicony Daimonion
856 ## - LOKALIZACJA I DOSTĘP DO ELEKTRONICZNYCH DOKUMENTÓW ZDALNYCH
Link (URL) http://koha.tu.koszalin.pl/cgi-bin/koha/opac-detail.pl?biblionumber=55283
Tekst linku Katalog online BPK
942 ## - DODATKOWE ELEMENTY (KOHA)
Typ dokumentu Książka
Egzemplarze
Wycofany Status egzemplarza Uszkodzony Dostępność Lokalizacja stała Lokalizacja bieżąca Miejsce przechowywania Sygnatura Kod kreskowy Dział Typ dokumentu Ostatnio wypożyczono
      Tylko na miejscu Biblioteka Politechniki Koszalińskiej Biblioteka Politechniki Koszalińskiej Czytelnia Wydziałowa ul. Kwiatkowskiego 6e 88255 02421261 1 Filozofia. Metafizyka Książka  
      Dostępny Biblioteka Politechniki Koszalińskiej Biblioteka Politechniki Koszalińskiej Wypożyczalnia BG 88256 02421254   Książka 20.11.2014
© 2023 Biblioteka Politechniki Koszalińskiej :: KOHA